000 00553nam a2200205Ia 4500
005 20250923144259.0
008 008 250917s9999 xx 000 0 eng d
037 _aTextual
040 _aDSWL
_beng
_cDSWL
041 _aeng
_2eng
084 _aS4, G3
_qDSWL
100 _aEarle, F.M.
_9823189
245 0 _aPsychology and the choice of a career
_cby F.M. Earle
260 _aLondon
_bMethuen
_c1933
300 _a103 p.
365 _aINR
_b3 6
925 _g3 6
942 _cTEXL
_hS4, G3
999 _c1436964
_d1436964